000 00770nam a2200265Ia 4500
001 Para_6784
003 CHAP
008 220125s1986 xx 000 0 und d
010 _a205580
040 _cCHAP
082 _aPA 630.717 F6 1986
111 _aForo sobre Servicio Universitario (1 : 1968 : Chapingo, Méx.)
_9171633
245 _aPonencias /
_c por Universidad Autónoma Chapingo
260 _aChapingo, Méx. :
_b UACh
300 _apag. varia
650 _aExtension agrícola
_x México
_939173
710 2 _aUniversidad Autónoma Chapingo
_9143749
901 _aPA 630.717 F6 1986
902 _aA
905 _a0000001986 0000000000 00
910 _a1986
942 _cPARA
942 _cPARA
_d1
999 _c205580
_d205580